Predpoklady a podmienky rozvoja rodinného podnikania na Slovensku ako fenomén podnikania dizertačná práca

Enregistré dans:
Détails bibliographiques
Auteur principal: Krošláková, Monika, 1975-
Collectivité auteur: Ekonomická univerzita v Bratislave. Obchodná fakulta
Autres auteurs: Strážovská, Helena
Format: Livre
Langue:slovaque
Publié: Bratislava 2007
Sujets:
Tags: Ajouter un tag
Pas de tags, Soyez le premier à ajouter un tag!

MARC

LEADER 00000nam$a2200000$$$4500
001 0100037
005 20230227084155.7
041 0 |a slo 
044 |a SK 
245 1 0 |a Predpoklady a podmienky rozvoja rodinného podnikania na Slovensku ako fenomén podnikania  |b dizertačná práca  |c Monika Krošláková ; škol. Helena Strážovská 
264 1 |a Bratislava  |c 2007 
300 |a 174 s. 
610 2 0 |a Slovensko 
610 2 0 |a podnikanie rodinné 
610 2 0 |a podnikanie 
610 2 0 |a stratégia podnikateľská 
100 1 |a Krošláková, Monika, 1975- 
700 1 |a Strážovská, Helena 
710 2 |a Ekonomická univerzita v Bratislave. Obchodná fakulta